Analýza potenciálneho vplyvu lesného hospodárstva na kvalitu pôdy vo vybranej oblasti = Potential impact analyse of forestry to soil quality in selected locality : Diplomová práca

Salvato in:
Dettagli Bibliografici
Autore principale: Ivanová, Eva (Autore)
Altri autori: Sirotiak, Maroš, 1979- (xxx)
Natura: Manoscritto Libro
Lingua:slovacco
Pubblicazione: Trnava : STU v Bratislave MTF UBEI, 2009
Soggetti:
Tags: Aggiungi Tag
Nessun Tag, puoi essere il primo ad aggiungerne!!

MARC

LEADER 00000ntm a22000003a 4500
001 stu191524
005 20160719155941.5
008 091005s2009----xo------------------slo-d
040 |a STU  |b slo 
041 0 |a slo 
044 |a xo 
100 1 |a Ivanová, Eva  |4 aut 
245 1 |a Analýza potenciálneho vplyvu lesného hospodárstva na kvalitu pôdy vo vybranej oblasti = Potential impact analyse of forestry to soil quality in selected locality :  |b Diplomová práca 
260 |a Trnava :  |b STU v Bratislave MTF UBEI,  |c 2009 
300 |a 51 s  |c 1 CD-ROM 
500 |a Študijný program: environmentálne a bezpečnostné inžinierstvo 
500 |a Kombinácia študijných odborov: 4.3.2 environmentálne inžinierstvo, 8.3.5 bezpečnosť a ochrana zdravia pri práci 
650 7 |a lesné hospodárstvo  |2 stusub 
650 7 |a lesná pôda  |2 stusub 
700 1 |a Sirotiak, Maroš,  |d 1979-  |4 xxx  |u M5000  |U MTF Materiálovotechnologická fakulta  |T MTF Ústav bezpečnosti, environmentu a kvality  |X 3580  |U M5000  |Y 85  |7 A000003580 
996 |b 284M071024  |c M*DP-8316  |l MMSKP  |s P  |a 0  |w stu191524_0001